[Event "WYCC U14 Girls 2019"]
[Site "Mumbai"]
[Date "2019.10.05"]
[Round "5.8"]
[White "Ghomi, Parnian"]
[Black "Velpula, Sarayu"]
[Result "0-1"]
[WhiteElo "1948"]
[BlackElo "1717"]
[Annotator "NA RC"]
[PlyCount "64"]
[EventDate "2019.10.02"]
[EventType "swiss"]
[EventCountry "IND"]
[SourceTitle "playchess.com"]
[Source "ChessBase"]
[SourceQuality "1"]
[TimeControl "40/5400+30:1800+30"]

1. e4 {[%emt 0:00:00]} c5 {[%emt 0:00:18]} 2. Nc3 {[%emt 0:00:22]} g6 {[%emt 0:00:51]} 3. d4 {[%emt 0:00:05]} cxd4 {[%emt 0:01:24]} 4. Qxd4 {[%emt 0:00:02]} Nf6 {[%emt 0:01:00]} 5. Bb5 {[%emt 0:00:06]} a6 {[%emt 0:02:16]} 6. e5 {[%emt 0:02:09] B23: Closed Sicilian: Lines without g3} (6. Qa4 b6 7. e5 Bb7 8. Bf1 Nd5 9. Nxd5 Bxd5 10. Be3 Nc6 11. O-O-O b5 12. Qf4 Bxa2 13. b3 Qa5 14. e6 dxe6 {0-1 (14) Arribas Lopez,A (2515)-Leon Hoyos,M (2475) Kenner 2016}) 6... axb5 {[%emt 0:02:50]} 7. exf6 {[%emt 0:00:22]} Nc6 {[%emt 0:01:24]} 8. Qe4 {[%emt 0:01:02]} e6 {[%emt 0:03:25]} 9. Nxb5 {[%emt 0:01:36]} Qa5+ {[%emt 0:02:54]} 10. Nc3 {[%emt 0:00:01]} d5 {[%emt 0:00:23]} 11. Qd3 {[%emt 0:02:42]} d4 {[%emt 0:01:48] Pin} 12. Bd2 {[%emt 0:02:41]} dxc3 {[%emt 0:04:21]} 13. Bxc3 {[%emt 0:00:01]} Bb4 $146 {[%emt 0:00:38]} 14. Ne2 {[%emt 0:02:45]} Bxc3+ {[%emt 0:01:38]} 15. Nxc3 {[%emt 0:01:00]} Qe5+ {[%emt 0:04:16]} 16. Ne4 {[%emt 0:01:05]} Nb4 {[%emt 0:11:14]} ({Don't do} 16... Qxb2 17. O-O $19) 17. Qe2 {[%emt 0:00:33]} Nd5 {[%emt 0:00:43]} ({Weaker is} 17... Rxa2 18. Rxa2 Nxa2 19. c3 $17) 18. Rd1 {[%emt 0:01:13]} O-O {[%emt 0:01:00]} 19. O-O {[%emt 0:01:46]} Nxf6 {[%emt 0:00:38]} 20. Nxf6+ {[%emt 0:00:02]} Qxf6 {[%emt 0:00:06]} 21. c3 {[%emt 0:00:35]} Rxa2 {[%emt 0:00:48]} 22. Qb5 {[%emt 0:00:11]} Qf5 {[%emt 0:01:30]} 23. Qb6 {[%emt 0:02:13]} Ra6 {[%emt 0:01:51]} 24. Qc7 {[%emt 0:00:08]} Rc6 {[%emt 0:00:05]} 25. Qe7 {[%emt 0:00:04]} Qc5 {[%emt 0:00:19]} 26. Qh4 {[%emt 0:00:12]} Rd6 {[%emt 0:02:34]} 27. Qe7 {[%emt 0:00:21]} Rd5 {[%emt 0:00:16]} 28. Qf6 {[%emt 0:00:06]} b5 {[%emt 0:01:26]} 29. h4 $19 {[%emt 0:00:35]} Bb7 {[%emt 0:01:03]} 30. b4 {[%emt 0:00:05]} Qc6 {[%emt 0:00:28]} 31. f3 {[%emt 0:00:34]} Qb6+ {[%emt 0:02:02]} 32. Kh1 {[%emt 0:00:06]} Qd8 {[%emt 0:01:05]} 0-1

[Event "WYCC U14 Girls 2019"]
[Site "Mumbai"]
[Date "2019.10.05"]
[Round "5.9"]
[White "Lhotska, Anna"]
[Black "Mirlankyzy, Azaliia"]
[Result "1-0"]
[WhiteElo "1897"]
[BlackElo "1473"]
[Annotator "NA"]
[PlyCount "69"]
[EventDate "2019.10.02"]
[EventType "swiss"]
[EventCountry "IND"]
[SourceTitle "playchess.com"]
[Source "ChessBase"]
[SourceQuality "1"]
[TimeControl "40/5400+30:1800+30"]

1. e4 {[%emt 0:00:00]} e5 {[%emt 0:00:00]} 2. Nf3 {[%emt 0:00:00]} Nc6 {[%emt 0:00:00]} 3. Nc3 {[%emt 0:00:00]} Bc5 {[%emt 0:00:28]} 4. Bb5 {[%emt 0:01:49]} d6 {[%emt 0:01:13]} 5. d4 {[%emt 0:06:30]} exd4 {[%emt 0:04:59]} 6. Nxd4 {[%emt 0:00:15]} Bd7 {[%emt 0:04:03] C64: Ruy Lopez: Classical Defence (3...Bc5) except 4 0-0 Nf6} 7. Be3 {[%emt 0:02:48]} (7. Nxc6 bxc6 8. Bd3 Ne7 9. Qh5 Ng6 10. O-O Qh4 11. Qxh4 Nxh4 12. Re1 f6 13. Na4 Bd4 14. c3 {0-1 (45) Lamorelle,J (2379)-Delorme,A (2497) Lyon 2015}) 7... Bxd4 {[%emt 0:01:14]} 8. Bxd4 {[%emt 0:00:11]} Nxd4 {[%emt 0:00:09]} 9. Qxd4 {[%emt 0:01:27]} Nf6 {[%emt 0:00:25]} 10. O-O-O $146 {[%emt 0:08:59]} ({Predecessor:} 10. Bc4 O-O 11. O-O-O Re8 12. f3 Qe7 13. Bb3 Bc6 14. Kb1 {½-½ (44) Caceres Cortes,J (2102)-Mathieu,J (1752) Montreal 2002}) 10... a6 {[%emt 0:01:33]} 11. Bxd7+ {[%emt 0:01:13]} Qxd7 {[%emt 0:00:10]} 12. e5 {[%emt 0:01:45]} Ng4 {[%emt 0:36:34] [#]} 13. e6 $1 {[%emt 0:12:53]} Qxe6 {[%emt 0:14:28]} 14. Rhe1 {[%emt 0:00:57]} Ne5 {[%emt 0:00:44]} 15. f4 {[%emt 0:00:33]} f6 {[%emt 0:07:04]} 16. fxe5 {[%emt 0:04:36]} dxe5 {[%emt 0:01:23]} 17. Qa4+ {[%emt 0:01:28]} c6 {[%emt 0:00:57]} 18. Qb4 {[%emt 0:00:59]} Qe7 {[%emt 0:00:54]} 19. Qc4 $18 {[%emt 0:05:55]} Rd8 {[%emt 0:07:48]} 20. Ne4 {[%emt 0:02:24]} h5 {[%emt 0:07:00]} 21. Nc5 {[%emt 0:02:47]} b5 {[%emt 0:03:54]} 22. Rxd8+ {[%emt 0:05:28]} Kxd8 {[%emt 0:00:23]} 23. Ne6+ {[%emt 0:01:22]} Ke8 {[%emt 0:01:12]} 24. Qxc6+ {[%emt 0:00:35]} Kf7 {[%emt 0:00:15]} 25. Rd1 {[%emt 0:03:53]} Kg6 {[%emt 0:01:52]} 26. Rd7 {[%emt 0:01:52]} Qb4 {[%emt 0:00:41]} 27. c3 {[%emt 0:00:49]} Qc4 {[%emt 0:00:52]} 28. Rxg7+ {[%emt 0:03:59]} Kf5 {[%emt 0:00:13]} 29. Qxc4 {[%emt 0:00:26]} bxc4 {[%emt 0:00:04]} 30. Nc5 {[%emt 0:00:36]} Rd8 {[%emt 0:00:30]} 31. b3 {[%emt 0:02:35]} Kf4 {[%emt 0:01:56]} 32. Ne6+ {[%emt 0:00:17]} Ke3 {[%emt 0:00:07]} 33. Nxd8 {[%emt 0:00:09]} e4 {[%emt 0:00:10]} 34. Ne6 {[%emt 0:00:38]} Kf2 {[%emt 0:00:11]} 35. Nd4 {[%emt 0:00:33]} 1-0

[Event "WYCC U14 Girls 2019"]
[Site "Mumbai"]
[Date "2019.10.05"]
[Round "5.10"]
[White "De Rycke, Tyani"]
[Black "Pavalachandran, Ashvini"]
[Result "1/2-1/2"]
[WhiteElo "1891"]
[BlackElo "1678"]
[Annotator "NA RC"]
[PlyCount "93"]
[EventDate "2019.10.02"]
[EventType "swiss"]
[EventCountry "IND"]
[SourceTitle "playchess.com"]
[Source "ChessBase"]
[SourceQuality "1"]
[TimeControl "40/5400+30:1800+30"]

1. e4 {[%emt 0:00:00]} c5 {[%emt 0:00:00]} 2. Nc3 {[%emt 0:00:00]} Nc6 {[%emt 0:00:11]} 3. g3 {[%emt 0:00:00]} g6 {[%emt 0:00:15]} 4. Bg2 {[%emt 0:00:00]} Bg7 {[%emt 0:00:05]} 5. d3 {[%emt 0:00:02]} d6 {[%emt 0:00:06]} 6. Be3 {[%emt 0:00:08]} e5 {[%emt 0:00:05]} 7. Qd2 {[%emt 0:00:40]} Be6 {[%emt 0:00:28]} 8. f4 {[%emt 0:00:45]} exf4 {[%emt 0:09:54] B26: Closed Sicilian: 3 g3, lines with early Be3} (8... Nge7 9. Nf3 Nd4 10. O-O O-O 11. Ng5 Bd7 12. Rae1 f6 13. Nh3 Be6 14. Nd5 Rc8 15. c3 Nb5 16. Nxe7+ Qxe7 {1-0 (40) Movsesian,S (2637)-Gukesh,D (2536) Reykjavik 2019}) 9. gxf4 {[%emt 0:01:11]} Nd4 {[%emt 0:02:34]} 10. Nd1 {[%emt 0:01:04]} Ne7 {[%emt 0:03:35]} 11. c3 {[%emt 0:00:32]} Ndc6 {[%emt 0:00:33]} 12. Nf3 {[%emt 0:03:14]} Bg4 $146 {[%emt 0:08:42]} ({Predecessor:} 12... f5 13. Nf2 Qc7 14. O-O h6 15. d4 fxe4 16. Nxe4 {½-½ (51) Flores,D (2180)-Varela,G (2290) Merida 1997}) 13. Nf2 {[%emt 0:01:39]} Bxf3 {[%emt 0:00:51]} 14. Bxf3 {[%emt 0:00:50]} Qa5 {[%emt 0:02:00]} 15. O-O {[%emt 0:08:04]} O-O {[%emt 0:14:47]} 16. a3 {[%emt 0:02:34]} Qd8 {[%emt 0:03:49]} 17. d4 {[%emt 0:01:07]} (17. Nh3 $14) 17... cxd4 {[%emt 0:00:24]} 18. cxd4 {[%emt 0:01:20]} d5 {[%emt 0:00:46]} 19. e5 {[%emt 0:01:40]} Nf5 {[%emt 0:06:51]} 20. Bg4 {[%emt 0:04:53]} Nxe3 {[%emt 0:04:08]} 21. Qxe3 {[%emt 0:00:11]} Qb6 {[%emt 0:01:53] Double Attack} 22. Rfd1 {[%emt 0:01:14]} Na5 {[%emt 0:03:25]} ({Better is} 22... f6 $15 23. Qd2 Rad8) 23. Rac1 {[%emt 0:04:28]} (23. f5 $5 {[%cal Rf5f6]}) 23... Nc4 {[%emt 0:04:56]} 24. Rxc4 {[%emt 0:08:32]} (24. Qg3 $11) 24... dxc4 {[%emt 0:00:06]} 25. Qc3 {[%emt 0:01:16]} Rad8 {[%emt 0:04:30]} 26. Kg2 {[%emt 0:02:44]} Rfe8 $17 {[%emt 0:02:39]} 27. Be2 {[%emt 0:12:22]} Rc8 {[%emt 0:09:32]} 28. Ne4 {[%emt 0:00:33]} Red8 {[%emt 0:01:27]} 29. Bg4 {[%emt 0:03:39]} Rc7 {[%emt 0:06:56]} 30. d5 {[%emt 0:00:51]} h5 {[%emt 0:00:41]} 31. d6 {[%emt 0:05:50]} hxg4 {[%emt 0:02:32]} 32. dxc7 {[%emt 0:00:07]} Qxc7 {[%emt 0:00:06]} 33. Rxd8+ {[%emt 0:00:13]} Qxd8 {[%emt 0:00:05]} 34. Qxc4 {[%emt 0:00:09]} Qd7 {[%emt 0:03:25]} 35. Nd6 {[%emt 0:09:32]} Bf8 {[%emt 0:01:53]} 36. Qc8 {[%emt 0:03:29]} Qa4 {[%emt 0:01:31]} 37. Qc4 {[%emt 0:03:42]} Qd7 {[%emt 0:00:19]} 38. Ne4 {[%emt 0:00:27]} Be7 {[%emt 0:01:37]} 39. Nf2 {[%emt 0:07:19]} Bh4 {[%emt 0:01:02]} 40. Qd3 {[%emt 0:04:06]} Qc6+ {[%emt 0:00:34]} 41. Qe4 {[%emt 0:34:35]} Qd7 {[%emt 0:30:36]} 42. Nd3 {[%emt 0:00:00]} Kg7 {[%emt 0:00:00]} 43. b3 {[%emt 0:00:00]} b6 {[%emt 0:00:00]} 44. Kf1 {[%emt 0:00:00]} Qb5 {[%emt 0:00:00]} 45. Qc4 {[%emt 0:00:00]} Qd7 {[%emt 0:00:00]} 46. Ke2 {[%emt 0:00:00]} Qb7 {[%emt 0:00:00]} 47. e6 {[%emt 0:00:00]} 1/2-1/2

[Event "WYCC U14 Girls 2019"]
[Site "Mumbai"]
[Date "2019.10.05"]
[Round "5.11"]
[White "Divya, Deshmukh"]
[Black "Agrawal, Aanya"]
[Result "1-0"]
[WhiteElo "2358"]
[BlackElo "1417"]
[Annotator "TA"]
[PlyCount "37"]
[EventDate "2019.10.02"]
[EventType "swiss"]
[EventCountry "IND"]
[SourceTitle "playchess.com"]
[Source "ChessBase"]
[SourceQuality "1"]

{[%evp 21,36,-18,-11,-16,0,0,0,0,247,248,708,688,29997,29998,29998,29999,29999]} 1. e4 c6 2. d4 d5 3. Nd2 dxe4 4. Nxe4 Bf5 5. Ng3 Bg6 6. h4 h6 7. N1e2 e6 8. Nf4 Bh7 9. Bc4 Nf6 10. O-O Bd6 11. Re1 O-O 12. c3 {B18: Classical Caro-Kann: 4...Bf5 sidelines} Qc7 (12... Nd5 13. Qg4 Nxf4 14. Bxf4 Bxf4 15. Qxf4 Nd7 16. Qd6 Nb6 17. Qxd8 Rfxd8 18. Bb3 c5 19. dxc5 Nd7 {½-½ (95) Diaz Camallonga,C (2432)-Alsina Leal,D (2533) Vilanova i la Geltru 2017}) 13. Qf3 Nbd7 14. Nfh5 {The position is equal.} e5 $146 {[#]} (14... Qd8 $11) ({Predecessor:} 14... Qd8 15. Bf4 Bxf4 16. Nxf4 Nd5 17. h5 N7f6 18. Rad1 Qc7 19. Nd3 Rac8 {½-½ (40) Nguyen,A (2095)-Stork,O (2010) Hannover 2016}) 15. Bxh6 $1 $18 {[%mdl 512]} Nxh5 $2 (15... e4 16. Nxe4 Nxh5) (15... gxh6 16. Nxf6+) 16. Nxh5 gxh6 17. Qg4+ {White mates.} Bg6 18. Qxg6+ $1 {[%mdl 64] Double Attack} Kh8 19. Qg7# 1-0

[Event "WYCC U14 Girls 2019"]
[Site "Mumbai"]
[Date "2019.10.05"]
[Round "5.11"]
[White "Divya Deshmukh"]
[Black "Agrawal Aanya"]
[Result "1-0"]
[WhiteElo "2358"]
[BlackElo "1417"]
[Annotator "ChessBase"]
[PlyCount "37"]
[EventDate "2019.10.02"]
[EventType "swiss"]
[EventCountry "IND"]
[SourceTitle "playchess.com"]
[Source "ChessBase"]
[SourceQuality "1"]
[TimeControl "40/5400+30:1800+30"]

1. e4 c6 2. d4 d5 3. Nd2 dxe4 4. Nxe4 Bf5 5. Ng3 Bg6 6. h4 h6 7. N1e2 e6 8. Nf4 Bh7 9. Bc4 Nf6 10. O-O Bd6 11. Re1 O-O 12. c3 Qc7 13. Qf3 Nbd7 14. Nfh5 e5 15. Bxh6 Nxh5 16. Nxh5 gxh6 17. Qg4+ Bg6 18. Qxg6+ Kh8 19. Qg7# 1-0

[Event "WYCC U14 Girls 2019"]
[Site "Mumbai"]
[Date "2019.10.05"]
[Round "5.12"]
[White "Hakobyan, Astghik"]
[Black "Zavivaeva, Evelina"]
[Result "1-0"]
[WhiteElo "1978"]
[BlackElo "1371"]
[Annotator "NA"]
[PlyCount "71"]
[EventDate "2019.10.02"]
[EventType "swiss"]
[EventCountry "IND"]
[SourceTitle "playchess.com"]
[Source "ChessBase"]
[SourceQuality "1"]
[TimeControl "40/5400+30:1800+30"]

1. e4 {[%emt 0:00:00]} e5 {[%emt 0:00:00]} 2. Nf3 {[%emt 0:00:00]} Nc6 {[%emt 0:00:00]} 3. Bb5 {[%emt 0:01:18]} Nf6 {[%emt 0:00:13]} 4. O-O {[%emt 0:00:16]} a6 {[%emt 0:00:19]} 5. Ba4 {[%emt 0:00:06]} b5 {[%emt 0:00:11]} 6. Bb3 {[%emt 0:00:07]} Be7 {[%emt 0:00:07]} 7. Re1 {[%emt 0:00:08]} O-O {[%emt 0:00:26]} 8. c3 {[%emt 0:00:05]} d5 {[%emt 0:00:13]} 9. exd5 {[%emt 0:00:26]} Nxd5 {[%emt 0:00:24]} 10. Nxe5 {[%emt 0:01:36]} Nxe5 {[%emt 0:00:23]} 11. Rxe5 {[%emt 0:00:01]} c6 {[%emt 0:00:09]} 12. d4 {[%emt 0:00:08]} Bd6 {[%emt 0:00:13]} 13. Re1 {[%emt 0:00:13]} Qh4 {[%emt 0:00:34]} 14. g3 {[%emt 0:00:07]} Qh3 {[%emt 0:00:07]} 15. Qf3 {[%emt 0:06:22]} Bg4 {[%emt 0:01:18]} 16. Qg2 {[%emt 0:00:13]} Qh5 {[%emt 0:00:16]} 17. Be3 {[%emt 0:05:51] C89: Closed Ruy Lopez: Marshall Attack} Kh8 {[%emt 0:12:27]} (17... Rae8 $11 18. Nd2 a5 (18... Re6 19. f3 Nxe3 20. Qf2 Nd5 21. fxg4 Qxg4 22. Qf3 Qg6 23. Rxe6 Qxe6 24. Ne4 Re8 {1-0 (41) Riccio,E (2636)-Busemann,S (2616) ICCF email 2014})) 18. Nd2 {[%emt 0:01:19]} f5 $146 {[%emt 0:12:27]} ({Black should try} 18... Rfe8 $14) ({Predecessor:} 18... Rae8 19. Bxd5 cxd5 20. a4 bxa4 21. Rxa4 Bh3 22. Qf3 Bg4 23. Qg2 Bh3 24. Qf3 Bg4 25. Qg2 {½-½ (25) Pisarevic,G (2190)-Panic,M (2098) Banja Vrucica 2014}) 19. f4 {[%emt 0:16:22]} Nxe3 {[%emt 0:43:57]} 20. Rxe3 {[%emt 0:00:08]} c5 {[%emt 0:00:26] [#]} 21. Re6 $1 {[%emt 0:09:20]} Rad8 {[%emt 0:03:51]} (21... Rae8 $16) 22. Qc6 $1 {[%emt 0:01:57]} Bxf4 $2 {[%emt 0:03:20]} (22... Bb8 {might work better.}) 23. gxf4 {[%emt 0:04:04]} cxd4 $18 {[%emt 0:01:08]} 24. c4 {[%emt 0:12:46]} bxc4 {[%emt 0:13:02]} 25. Bxc4 {[%emt 0:00:51]} d3 {[%emt 0:02:08]} 26. Qg2 {[%emt 0:13:04]} Rd4 {[%emt 0:01:20]} 27. Qg3 {[%emt 0:02:47]} Rc8 {[%emt 0:03:58]} 28. Qe3 {[%emt 0:02:32]} Rcd8 {[%emt 0:00:31]} 29. Re1 {[%emt 0:01:37]} Be2 {[%emt 0:00:29]} 30. b3 {[%emt 0:05:51]} Qg4+ {[%emt 0:00:31]} 31. Qg3 {[%emt 0:00:01]} Rxf4 32. Bxd3 {[%emt 0:01:04]} h6 {[%emt 0:01:00]} 33. Bxe2 {[%emt 0:00:23]} Qxg3+ {[%emt 0:00:31]} 34. hxg3 {[%emt 0:00:02]} Rfd4 {[%emt 0:00:27]} 35. Nf3 {[%emt 0:00:13]} Rg4 {[%emt 0:00:17]} 36. Ne5 {[%emt 0:00:24]} 1-0

[Event "WYCC U14 Girls 2019"]
[Site "Mumbai"]
[Date "2019.10.06"]
[Round "6.1"]
[White "Rakshitta Ravi"]
[Black "Roebers, Eline"]
[Result "*"]
[WhiteElo "2310"]
[BlackElo "2083"]
[Annotator "ChessBase"]
[PlyCount "44"]
[EventDate "2019.10.02"]
[EventType "swiss"]
[EventCountry "IND"]
[SourceTitle "playchess.com"]
[Source "ChessBase"]
[SourceQuality "1"]
[TimeControl "40/5400+30:1800+30"]

1. Nf3 {[%emt 0:00:00]} Nf6 {[%emt 0:00:00]} 2. g3 {[%emt 0:00:02]} g6 {[%emt 0:00:00]} 3. b3 {[%emt 0:00:07]} Bg7 {[%emt 0:00:29]} 4. Bb2 {[%emt 0:00:07]} O-O {[%emt 0:00:29]} 5. Bg2 {[%emt 0:00:03]} d6 {[%emt 0:00:43]} 6. d4 {[%emt 0:00:11]} c5 {[%emt 0:01:41]} 7. c4 {[%emt 0:01:25]} d5 {[%emt 0:01:32]} 8. dxc5 {[%emt 0:05:17]} dxc4 {[%emt 0:02:13]} 9. O-O {[%emt 0:00:12]} Na6 {[%emt 0:02:02]} 10. c6 {[%emt 0:03:42]} Qxd1 {[%emt 0:23:59]} 11. Rxd1 {[%emt 0:00:07]} Nb4 {[%emt 0:01:30]} 12. Nd4 {[%emt 0:32:36]} Nxc6 {[%emt 0:18:26]} 13. Nxc6 {[%emt 0:05:46]} bxc6 {[%emt 0:00:05]} 14. Bxc6 {[%emt 0:05:07]} Rb8 {[%emt 0:00:05]} 15. Nd2 {[%emt 0:00:57]} Be6 {[%emt 0:02:04]} 16. Be5 {[%emt 0:01:55]} Rbc8 {[%emt 0:13:13]} 17. Bb7 {[%emt 0:02:36]} Rc5 {[%emt 0:00:16]} 18. Nf3 {[%emt 0:15:02]} cxb3 {[%emt 0:05:47]} 19. axb3 {[%emt 0:00:18]} Bxb3 20. Rdc1 Bd5 21. Bxd5 Nxd5 22. Bxg7 Kxg7 *

[Event "WYCC U14 Girls 2019"]
[Site "Mumbai"]
[Date "2019.10.06"]
[Round "6.1"]
[White "Rakshitta Ravi"]
[Black "Roebers, Eline"]
[Result "1/2-1/2"]
[WhiteElo "2310"]
[BlackElo "2083"]
[Annotator "NA"]
[PlyCount "129"]
[EventDate "2019.10.02"]
[EventType "swiss"]
[EventCountry "IND"]
[SourceTitle "playchess.com"]
[Source "ChessBase"]
[SourceQuality "1"]
[TimeControl "40/5400+30:1800+30"]

1. Nf3 {[%emt 0:00:00]} Nf6 {[%emt 0:00:00]} 2. g3 {[%emt 0:00:02]} g6 {[%emt 0:00:00]} 3. b3 {[%emt 0:00:07]} Bg7 {[%emt 0:00:29]} 4. Bb2 {[%emt 0:00:07]} O-O {[%emt 0:00:29]} 5. Bg2 {[%emt 0:00:03]} d6 {[%emt 0:00:43]} 6. d4 {[%emt 0:00:11]} c5 {[%emt 0:01:41]} 7. c4 {[%emt 0:01:25]} d5 {[%emt 0:01:32]} 8. dxc5 {[%emt 0:05:17]} dxc4 {[%emt 0:02:13]} 9. O-O {[%emt 0:00:12]} Na6 {[%emt 0:02:02]} 10. c6 {[%emt 0:03:42]} Qxd1 {[%emt 0:23:59]} 11. Rxd1 {[%emt 0:00:07]} Nb4 {[%emt 0:01:30]} 12. Nd4 {[%emt 0:32:36]} Nxc6 {[%emt 0:18:26]} 13. Nxc6 {[%emt 0:05:46]} bxc6 {[%emt 0:00:05]} 14. Bxc6 {[%emt 0:05:07]} Rb8 {[%emt 0:00:05]} 15. Nd2 {[%emt 0:00:57]} Be6 {[%emt 0:02:04]} 16. Be5 {[%emt 0:01:55]} Rbc8 {[%emt 0:13:13]} 17. Bb7 {[%emt 0:02:36]} Rc5 $11 {[%emt 0:00:16]} 18. Nf3 {[%emt 0:15:02]} cxb3 {[%emt 0:05:47]} 19. axb3 {[%emt 0:00:18]} Bxb3 20. Rdb1 {[%emt 0:00:30]} Bd5 21. Bxd5 {[%emt 0:00:30]} Nxd5 22. Bxg7 {[%emt 0:00:30]} Kxg7 23. Rxa7 {[%emt 0:00:30]} Rc7 24. Rxc7 {[%emt 0:00:30]} Nxc7 25. Rb7 {[%emt 0:00:30]} Nd5 26. Rd7 {[%emt 0:00:30]} e6 27. Ne5 {[%emt 0:00:30]} Nc3 28. Kf1 {[%emt 0:00:30]} h5 29. f3 {[%emt 0:00:30]} Kf6 30. f4 {[%emt 0:00:30]} Kg7 31. Kf2 {[%emt 0:00:30]} Ne4+ 32. Kf3 {[%emt 0:00:30]} Nf6 33. Rb7 {[%emt 0:00:30]} Ng4 34. Nxg4 {[%emt 0:00:30]} hxg4+ 35. Kxg4 {[%emt 0:00:30]} Ra8 36. Kf3 {[%emt 0:00:30]} Ra5 37. Rb3 {[%emt 0:00:30]} e5 38. Re3 {[%emt 0:00:30]} exf4 39. gxf4 {[%emt 0:00:30]} g5 40. fxg5 {[%emt 0:00:30]} Rxg5 41. h4 {[%emt 0:30:30]} Ra5 42. Kf4 {[%emt 0:00:30]} Rb5 43. Re5 {[%emt 0:00:30]} Rb4+ 44. e4 {[%emt 0:00:30]} Rb1 45. Rg5+ {[%emt 0:00:30]} Kf6 46. Rf5+ {[%emt 0:00:30]} Kg7 47. h5 {[%emt 0:00:30]} f6 48. Ra5 {[%emt 0:00:30]} Rf1+ 49. Kg4 {[%emt 0:00:30]} Rf2 50. Ra7+ {[%emt 0:00:30]} Kh6 51. Rf7 {[%emt 0:00:30]} Rf1 52. Rf8 {[%emt 0:00:30]} Kg7 53. Ra8 {[%emt 0:00:30]} Rg1+ 54. Kf4 {[%emt 0:00:30]} Rf1+ 55. Kg3 {[%emt 0:00:30]} Rg1+ 56. Kf2 {[%emt 0:00:30]} Rg5 57. Ra7+ {[%emt 0:00:30]} Kg8 58. Ra6 {[%emt 0:00:30]} Kg7 59. Ra7+ {[%emt 0:00:30]} Kg8 60. h6 {[%emt 0:00:30]} Rh5 61. Rg7+ {[%emt 0:00:30]} Kf8 62. Rh7 {[%emt 0:00:30]} Kg8 63. Rg7+ {[%emt 0:00:30]} Kf8 64. Rg6 {[%emt 0:00:30]} Kf7 65. Rg7+ {[%emt 0:00:30]} 1/2-1/2

[Event "WYCC U14 Girls 2019"]
[Site "Mumbai"]
[Date "2019.10.06"]
[Round "6.2"]
[White "Lhotska, Anna"]
[Black "Nasyrova, Ekaterina"]
[Result "0-1"]
[WhiteElo "1897"]
[BlackElo "2137"]
[Annotator "ChessBase"]
[PlyCount "54"]
[EventDate "2019.10.02"]
[EventType "swiss"]
[EventCountry "IND"]
[SourceTitle "playchess.com"]
[Source "ChessBase"]
[SourceQuality "1"]
[TimeControl "40/5400+30:1800+30"]

1. e4 {[%emt 0:00:00]} e5 {[%emt 0:00:00]} 2. Nf3 {[%emt 0:00:00]} Nc6 {[%emt 0:00:00]} 3. d4 {[%emt 0:00:00]} exd4 {[%emt 0:00:00]} 4. Nxd4 {[%emt 0:00:00]} Bb4+ {[%emt 0:00:00]} 5. c3 {[%emt 0:00:06]} Bc5 {[%emt 0:00:00]} 6. Be3 {[%emt 0:00:10]} Bb6 {[%emt 0:00:06]} 7. Nf5 {[%emt 0:00:13]} g6 {[%emt 0:00:15]} 8. Bxb6 {[%emt 0:00:11]} axb6 {[%emt 0:00:06]} 9. Ne3 {[%emt 0:00:14]} Nf6 {[%emt 0:00:24]} 10. f3 {[%emt 0:00:19]} d6 {[%emt 0:00:31]} 11. c4 {[%emt 0:00:38]} Nh5 {[%emt 0:02:14]} 12. Qd2 {[%emt 0:01:44]} f5 {[%emt 0:02:41]} 13. exf5 {[%emt 0:01:34]} Bxf5 {[%emt 0:01:12]} 14. Nxf5 {[%emt 0:00:53]} gxf5 {[%emt 0:00:08]} 15. Nc3 {[%emt 0:02:15]} Qh4+ {[%emt 0:07:01]} 16. Qf2 {[%emt 0:18:49]} Qg5 {[%emt 0:09:54]} 17. Nd5 {[%emt 0:14:17]} O-O-O {[%emt 0:02:33]} 18. f4 {[%emt 0:01:57]} Rde8+ {[%emt 0:08:29]} 19. Be2 {[%emt 0:05:36]} Qg4 {[%emt 0:03:24]} 20. Kd2 {[%emt 0:02:56]} Qg7 {[%emt 0:00:35]} 21. Nc3 {[%emt 0:01:07]} Nf6 {[%emt 0:04:17]} 22. Bf3 {[%emt 0:15:10]} Ne4+ {[%emt 0:11:11]} 23. Bxe4 {[%emt 0:00:21]} fxe4 {[%emt 0:00:28]} 24. Rhe1 {[%emt 0:03:09]} e3+ {[%emt 0:01:54]} 25. Rxe3 {[%emt 0:00:54]} Qd4+ {[%emt 0:00:09]} 26. Ke2 {[%emt 0:00:38]} Qxc4+ {[%emt 0:00:17]} 27. Kd2 {[%emt 0:09:20]} d5 {[%emt 0:02:20]} 0-1